000 00413nam a2200181Ia 4500
005 20250603144700.0
008 250603s9999 xx 000 0 und d
020 _a9780409044072
050 _aKP 128 .O7/
100 _aOrojo, J. Ola.
245 0 _aCompany law and practice in Nigeria
260 _aDurban
260 _bLexisNexis
260 _c2008
300 _a728 p
650 _aDurban
942 _cBK
999 _c39638
_d39638